Statistics for Home Run Derby Champions

Click here to take the quiz!

General Stats

  • This quiz has been taken 8 times
  • The average score is 17 of 37

Answer Stats

HintAnswer% Correct
2021Pete Alonso
100%
2019Pete Alonso
100%
1996Barry Bonds
88%
2016Giancarlo Stanton
88%
1992Mark McGwire
88%
2000Sammy Sosa
88%
2017Aaron Judge
75%
2018Bryce Harper
75%
2007Vladimir Guerrero
75%
2023Vladimir Guerrero Jr.
75%
1998Ken Griffey Jr.
63%
1999Ken Griffey Jr.
63%
1994Ken Griffey Jr.
63%
2012Prince Fielder
63%
2009Prince Fielder
63%
1995Frank Thomas
50%
2005Bobby Abreu
38%
1986Daryl Strawberry
38%
2010David Ortiz
38%
2003Garret Anderson
38%
1993Juan Gonzalez
38%
2022Juan Soto
38%
2001Luis Gonzalez
38%
2006Ryan Howard
38%
1997Tino Martinez
38%
2015Todd Frazier
38%
1991Cal Ripken Jr.
25%
1989Eric Davis
25%
2002Jason Giambi
25%
1990Ryne Sandberg
25%
1987Andre Dawson
13%
2008Justin Morneau
13%
2011Robinson Cano
13%
1985Dave Parker
0%
2004Miguel Tejada
0%
2014Yoenis Cespedes
0%
2013Yoenis Cespedes
0%

Score Distribution

Percentile by Number Answered

Percent of People with Each Score

Your Score History

You have not taken this quiz